| 000 | 01712cam a2200385 i 4500 | ||
|---|---|---|---|
| 999 |
_c200449959 _d68171 |
||
| 001 | 200449959 | ||
| 003 | TR-AnTOB | ||
| 005 | 20240823074042.0 | ||
| 007 | ta | ||
| 008 | 210413s2021 tu b 001 0 tur u | ||
| 020 | _a9786050507966 (set) | ||
| 020 | _a9786050507973 (volume 1) | ||
| 020 | _a9786050507980 (volume 2) | ||
| 020 | _a9786050507997 (volume 3) | ||
| 020 | _a9786050508000 (volume 4) | ||
| 040 |
_aB9K _beng _erda _cB9K _dTR-AnTOB |
||
| 041 | 0 | _atur | |
| 043 | _aa-tu--- | ||
| 050 | 1 | 4 |
_aKKX1704 _b.Y55 2021 |
| 090 |
_aKKX1704 _b.Y55 2021 |
||
| 100 | 1 |
_aYılmaz, Ejder _d1949- _eauthor _910788 |
|
| 245 | 1 | 0 |
_aHukuk muhakemeleri kanunu şerhi / _cProf. Dr. Ejder Yılmaz. |
| 250 | _aGenişletilmiş 4. baskı. | ||
| 264 | 1 |
_aİstanbul : _bYetkin Yayınları, _c2021. |
|
| 264 | 4 | _c©2021 | |
| 300 |
_a4 volumes (5852 pages) ; _c24 cm |
||
| 336 |
_atext _2rdacontent _btxt |
||
| 337 |
_aunmediated _2rdamedia _bn |
||
| 338 |
_avolume _2rdacarrier _bnc |
||
| 505 | 0 | _aVolume 1. Madde 1-33 -- Volume 2. 34-125 -- Volume 3. 126-293 -- Volume 294- 452. | |
| 505 | 2 | _aGenel hükümler -- Yargılamaya hakim olan ilkeler -- Hakimin yasaklığı, reddi ve hukuki sorumluluğu -- Taraflar ve davaya katılan üçüncü kişiler -- Teminat -- Süreler, eski hale getirme ve adli tatil --Dava çeşitleri -- Dava şartları ve ilk itiraz -- Yazılı yargılama usulü -- Ön inceleme -- Ispat ve deliller -- Tanık -- Keşif -- Hüküm -- Basit yargılama usulü -- Istinaf -- Geçici hukuki korumalar -- Delil tespiti ve diğer geçici hukuki korumalar -- Tahkim -- Son hükümler. | |
| 650 | 7 |
_aMedeni usul _zTürkiye _2etuturkob _9115852 |
|
| 942 |
_2lcc _cBK |
||